Tale of two cities (Record no. 369494)

MARC details
000 -LEADER
fixed length control field 00306nam a2200121Ia 4500
005 - DATE AND TIME OF LATEST TRANSACTION
control field 20251223131551.0
008 - FIXED-LENGTH DATA ELEMENTS--GENERAL INFORMATION
fixed length control field 251219s9999 xx 000 0 und d
041 ## - LANGUAGE CODE
Language code of text/sound track or separate title eng
100 ## - MAIN ENTRY--PERSONAL NAME
Personal name Dickens C
9 (RLIN) 214365
245 ## - TITLE STATEMENT
Title Tale of two cities
260 ## - PUBLICATION, DISTRIBUTION, ETC. (IMPRINT)
Name of publisher, distributor, etc. Rupa Publication/ India
Date of publication, distribution, etc. 1999
300 ## - PHYSICAL DESCRIPTION
Extent 416
Other physical details Paper Back
Holdings
Withdrawn status Lost status Damaged status Not for loan Home library Current library Date acquired Cost, normal purchase price Total Checkouts Barcode Date last seen Cost, replacement price Bill Date Koha item type Original Barcode
        Smt. Hiraben Nanavati Institute of Management & Research for Women Smt. Hiraben Nanavati Institute of Management & Research for Women 11/12/2025 150.00   HIMR-DB-3240 23/12/2025 75.00 23/12/2025 Donated Book DB3240